The college english readers: first book
Guardat en:
| Autor principal: | |
|---|---|
| Format: | Llibre |
| Idioma: | anglès |
| Publicat: |
Santiago
Claret
1925
|
| Matèries: | |
| Etiquetes: |
Afegir etiqueta
Sense etiquetes, Sigues el primer a etiquetar aquest registre!
|
MARC
| LEADER | 00000nam a2200000 a 4500 | ||
|---|---|---|---|
| 001 | UCZ8687 | ||
| 003 | CL-VaPUC | ||
| 008 | 960125e19250000CL |||||||||||||||||eng|d | ||
| 082 | 0 | 4 | |a 372.65 |b HAM |2 21 |
| 100 | 0 | |a Hamilton, Charles M |e author |9 354065 | |
| 245 | 1 | 4 | |a The college english readers: first book |
| 300 | |a 163 p | ||
| 942 | |c BK | ||
| 945 | |d 19960125 00:00:00 |a cmena | ||
| 260 | |a Santiago |b Claret |c 1925 | ||
| 650 | 0 | |a Lectura |9 307634 | |
| 650 | 0 | |a Inglés |9 260023 | |
| 650 | 0 | |a Educación lingüística |9 306506 | |
| 650 | 0 | |a Lenguas extranjeras |9 343620 | |
| 650 | 7 | |a LENGUAS GERMANICAS |2 CL-VaPUC |9 354027 | |
| 650 | 0 | |a Educación básica |9 224933 | |
| 650 | 0 | |a Gramática |9 270497 | |
| 650 | 0 | |a Glosarios |9 261047 | |
| 583 | |a last modification |c 19960125 00:00:00 |k Rodrigo Vera | ||
| 999 | |c 244537 |d 244535 | ||
| 952 | |0 0 |1 0 |4 0 |6 372_650000000000000_HAM_1925 |7 0 |8 P |9 258624 |a BIBEDU |b BIBEDU |c BIBEDU_PB |d 2019-11-19 |i 1620053 |o 372.65 HAM 1925 |p 1620053 |r 2024-01-25 |w 2019-11-19 |y BK |k EDU | ||
| 952 | |0 0 |1 0 |4 0 |6 372_650000000000000_HAM_1925 |7 0 |8 P |9 258625 |a BIBEDU |b BIBEDU |c BIBEDU_PB |d 2019-11-19 |i 162010K |o 372.65 HAM 1925 |p 162010K |r 2024-01-25 |w 2019-11-19 |y BK |k EDU | ||